[Event "Madrid-ch Previa A"]
[Site "Madrid ESP"]
[Date "2014.02.18"]
[Round "8.15"]
[White "Boni De Aristizabal, Marco"]
[Black "Calleja Aletta, Jacobo"]
[Result "0-1"]
[WhiteElo "1756"]
[BlackElo "1577"]
[PlyCount "74"]
[EventDate "2014.02.03"]
[EventType "swiss"]
[EventRounds "9"]
[EventCountry "ESP"]
[Source "lmi"]
[SourceDate "2014.02.03"]

1. e4 c5 2. c3 Nc6 3. Nf3 Nf6 4. e5 Ng4 5. d4 cxd4 6. cxd4 d5 7. h3 Nh6 8. Bxh6
gxh6 9. Qb3 a6 10. Nc3 e6 11. a3 Na5 12. Qc2 Bd7 13. Bd3 Rc8 14. O-O Nc4 15.
Qb3 Na5 16. Qa2 Qb6 17. Rac1 Nc6 18. Ne2 Be7 19. Rc3 f5 20. Rfc1 Kf7 21. Qb3
Qa7 22. Qa4 Rhg8 23. b4 Nxd4 24. Qxd7 Nxf3+ 25. Kf1 Nxe5 26. Qa4 Nxd3 27. Rxd3
b5 28. Qd1 Rc4 29. Rdc3 Qc7 30. Rxc4 bxc4 31. Nd4 Qh2 32. Qh5+ Rg6 33. Re1
Qxg2+ 34. Ke2 Qe4+ 35. Kf1 Qxd4 36. Re3 c3 37. Qe2 Qd2 0-1

[Event "Madrid-ch Previa A"]
[Site "Madrid ESP"]
[Date "2014.02.18"]
[Round "8.16"]
[White "Veiga Rodriguez, Pablo"]
[Black "Prieto Saiz, Carlos Francisco"]
[Result "0-1"]
[WhiteElo "1593"]
[BlackElo "1723"]
[PlyCount "138"]
[EventDate "2014.02.03"]
[EventType "swiss"]
[EventRounds "9"]
[EventCountry "ESP"]
[Source "lmi"]
[SourceDate "2014.02.03"]

1. e4 d5 2. exd5 Qxd5 3. Nc3 Qa5 4. d4 Nf6 5. Nf3 c6 6. Bd2 Bf5 7. Bc4 e6 8.
Nd5 Qd8 9. Ne3 Bg6 10. O-O Ne4 11. a3 Nxd2 12. Qxd2 Nd7 13. Rad1 Bd6 14. Qc3
O-O 15. Ng4 Nb6 16. Nge5 Bh5 17. g4 Bg6 18. Nxg6 hxg6 19. g5 Nd5 20. Bxd5 cxd5
21. h4 Rc8 22. Qd3 Qc7 23. c3 Bf4 24. Kg2 Qc4 25. Qc2 Rfe8 26. Rh1 e5 27. dxe5
Bxe5 28. Nxe5 Rxe5 29. Rh3 d4 30. Qd3 Qc6+ 31. Qf3 Qxf3+ 32. Rxf3 dxc3 33. bxc3
Re7 34. Rd4 Kf8 35. Rfd3 Ke8 36. Kf3 Rec7 37. Re3+ Re7 38. Red3 Rec7 39. Re3+
Kf8 40. Rb4 Rxc3 41. Rxb7 R3c7 42. Rbb3 a6 43. Rb6 Rc6 44. Rbb3 f6 45. Rb4 Kf7
46. Rbe4 R8c7 47. Re8 Rc3 48. R8e7+ Rxe7 49. Rxc3 Re5 50. Rc7+ Re7 51. Rc6 Re6
52. Rc7+ Re7 53. Rc4 Re5 54. Rc7+ Kg8 55. Rc6 Ra5 56. Rc3 fxg5 57. hxg5 Rxg5
58. Rc6 Ra5 59. Rc3 Kf7 60. Ke4 g5 61. Rg3 Ra4+ 62. Kd5 Kf6 63. Kc6 Kf5 64. Kb6
Kf4 65. Kc5 g4 66. Kb6 Kf5 67. Kc5 Rf4 68. Kb6 Rxf2 69. Kxa6 Rf3 0-1

[Event "Madrid-ch Previa A"]
[Site "Madrid ESP"]
[Date "2014.02.18"]
[Round "8.17"]
[White "Diaz Begonte, Manuel"]
[Black "Jimenez Jimenez, Darfo"]
[Result "1/2-1/2"]
[WhiteElo "1783"]
[BlackElo "1673"]
[PlyCount "65"]
[EventDate "2014.02.03"]
[EventType "swiss"]
[EventRounds "9"]
[EventCountry "ESP"]
[Source "lmi"]
[SourceDate "2014.02.03"]

1. e4 c5 2. d4 cxd4 3. c3 dxc3 4. Nxc3 e5 5. Nf3 Nc6 6. Bc4 Na5 7. Bd5 Nf6 8.
O-O d6 9. Bg5 Be7 10. Bxf6 Bxf6 11. Nb5 a6 12. Na3 O-O 13. Rc1 Bd7 14. b4 Nc6
15. Qb3 Rc8 16. Nc4 Bg4 17. a3 Bxf3 18. Qxf3 Nd4 19. Qd3 b5 20. Na5 Bg5 21.
Rxc8 Qxc8 22. Bb7 Qc2 23. Rd1 Rd8 24. Bxa6 Qxd3 25. Rxd3 Bc1 26. Kf1 f6 27. Nb3
Nxb3 28. Rxb3 Ra8 29. Bxb5 Rxa3 30. Rxa3 Bxa3 31. Bc4+ Kf8 32. b5 Bc5 33. g4
1/2-1/2

[Event "Madrid-ch Previa A"]
[Site "Madrid ESP"]
[Date "2014.02.18"]
[Round "8.18"]
[White "Canseco Arenas, Alfonso"]
[Black "Fuster Aguilo, Juan"]
[Result "1-0"]
[WhiteElo "1721"]
[BlackElo "1775"]
[PlyCount "105"]
[EventDate "2014.02.03"]
[EventType "swiss"]
[EventRounds "9"]
[EventCountry "ESP"]
[Source "lmi"]
[SourceDate "2014.02.03"]

1. a3 Nf6 2. d3 d5 3. Nf3 c5 4. Bg5 h6 5. Bh4 Nc6 6. e3 Bf5 7. Nbd2 a5 8. c3 b5
9. d4 c4 10. Be2 b4 11. axb4 axb4 12. O-O b3 13. h3 Bc2 14. Qc1 g5 15. Bg3 Bg7
16. Ne5 Nxe5 17. Bxe5 O-O 18. Bf3 Rxa1 19. Qxa1 e6 20. Qa7 Ne4 21. Bxg7 Nxd2
22. Bxf8 Kxf8 23. Ra1 Ne4 24. Bh5 Qf6 25. Qb8+ Kg7 26. f3 Nd2 27. Ra7 Bg6 28.
Bxg6 Qxg6 29. Qe5+ Qf6 30. Qxf6+ Kxf6 31. Kf2 h5 32. Ke2 Nb1 33. Kd1 Kg6 34.
Kc1 Nxc3 35. bxc3 f5 36. Ra6 Kf6 37. Rb6 h4 38. Kd2 Kf7 39. Rb7+ Kf6 40. Rb8
Ke7 41. Kc1 Kf7 42. Kd2 Kg7 43. Ke2 Kg6 44. Kf2 Kf6 45. g3 hxg3+ 46. Kxg3 Kg6
47. f4 Kf6 48. Rb6 gxf4+ 49. Kxf4 Kf7 50. Ke5 Kg6 51. Rxe6+ Kg5 52. Kxd5 f4 53.
exf4+ 1-0

[Event "Madrid-ch Previa A"]
[Site "Madrid ESP"]
[Date "2014.02.18"]
[Round "8.19"]
[White "Dominguez Afonso, Ayraldo"]
[Black "De La Fuente Ebro, Miguel Angel"]
[Result "1/2-1/2"]
[WhiteElo "1508"]
[BlackElo "1772"]
[PlyCount "114"]
[EventDate "2014.02.03"]
[EventType "swiss"]
[EventRounds "9"]
[EventCountry "ESP"]
[Source "lmi"]
[SourceDate "2014.02.03"]

1. e4 e6 2. d4 d5 3. e5 c5 4. c3 cxd4 5. cxd4 Nc6 6. Nf3 Qb6 7. Nc3 Nge7 8. Bd3
Bd7 9. Bc2 Ng6 10. O-O Be7 11. a3 a5 12. Rb1 O-O 13. Re1 f5 14. Na4 Qc7 15. Bg5
Rac8 16. Bxe7 Ngxe7 17. Nc3 Nd8 18. Qd3 Ng6 19. Ng5 Nf7 20. Nf3 Qd8 21. Rec1
Ng5 22. a4 Ne4 23. Qe3 Nh4 24. Nxh4 Qxh4 25. f3 f4 26. Qe1 Qxe1+ 27. Rxe1 Nxc3
28. bxc3 Rxc3 29. Rb2 Rfc8 30. Re2 b5 31. axb5 Bxb5 32. Rxb5 Rxc2 33. Rxc2 Rxc2
34. Rxa5 Rc4 35. Ra6 Kf7 36. Ra7+ Kg6 37. Re7 Rxd4 38. Rxe6+ Kf7 39. Rd6 Ke7
40. Kf2 Rd2+ 41. Kf1 d4 42. Ke1 Rxg2 43. Rxd4 g5 44. h4 gxh4 45. Rxf4 h3 46.
Kf1 Rb2 47. Rh4 h2 48. Rxh7+ Ke6 49. Rh5 Ra2 50. f4 Rb2 51. Rh6+ Kf5 52. e6
Kxf4 53. e7 Kf3 54. Rh3+ Kg4 55. Rxh2 Rb8 56. Re2 Re8 57. Kg2 Kf5 1/2-1/2

[Event "Madrid-ch Previa A"]
[Site "Madrid ESP"]
[Date "2014.02.18"]
[Round "8.20"]
[White "Corredor Gonzalez, Angel L"]
[Black "Olano Lanchas, Dionisio"]
[Result "1-0"]
[WhiteElo "1750"]
[BlackElo "1761"]
[PlyCount "98"]
[EventDate "2014.02.03"]
[EventType "swiss"]
[EventRounds "9"]
[EventCountry "ESP"]
[Source "lmi"]
[SourceDate "2014.02.03"]

1. e4 c5 2. Nf3 e6 3. d4 cxd4 4. Nxd4 a6 5. Nc3 b5 6. Be3 Bb7 7. f3 d6 8. a3
Nd7 9. Be2 g6 10. O-O Bg7 11. Qd2 Ne5 12. b3 Rc8 13. Rad1 Qc7 14. Nb1 Rd8 15.
c3 d5 16. Qc2 Ne7 17. f4 Nd7 18. e5 Nc5 19. Bg4 Nf5 20. Bxf5 exf5 21. Bf2 O-O
22. Bh4 Ne4 23. Bxd8 Rxd8 24. Rd3 Rc8 25. Re3 Qe7 26. b4 Qc7 27. Qc1 Qc4 28.
Qe1 Bh6 29. Nd2 Qa2 30. Nxe4 dxe4 31. Qh4 Bg7 32. Rh3 h6 33. Qe7 Bd5 34. Qd7
Ra8 35. Nc6 Be6 36. Qb7 Re8 37. Qxa6 e3 38. Rxe3 Bd5 39. Rg3 Re6 40. Qc8+ Kh7
41. Nd4 Re7 42. Qc5 Re8 43. Qxb5 Ra8 44. Re1 Bc4 45. Qd7 Rxa3 46. Kh1 Qd2 47.
Rg1 Qxf4 48. e6 Bxd4 49. Qxf7+ Bg7 1-0

[Event "Madrid-ch Previa A"]
[Site "Madrid ESP"]
[Date "2014.02.18"]
[Round "8.22"]
[White "Cortijo Manso, Luis"]
[Black "Marcelo de la Mata, Daniel"]
[Result "1/2-1/2"]
[WhiteElo "1554"]
[BlackElo "1668"]
[PlyCount "132"]
[EventDate "2014.02.03"]
[EventType "swiss"]
[EventRounds "9"]
[EventCountry "ESP"]
[Source "lmi"]
[SourceDate "2014.02.03"]

1. d4 c5 2. d5 e5 3. e4 d6 4. Bb5+ Bd7 5. a4 Ne7 6. Bxd7+ Nxd7 7. Nc3 Ng6 8.
Nf3 Be7 9. Rb1 O-O 10. O-O f5 11. exf5 Rxf5 12. Ne4 Ndf8 13. c4 h6 14. b4 cxb4
15. Rxb4 b6 16. Rb1 Nh4 17. Nxh4 Bxh4 18. Qg4 Rf7 19. Bxh6 Nh7 20. Be3 Be7 21.
f4 Nf6 22. Nxf6+ Bxf6 23. fxe5 Bxe5 24. Rxf7 Kxf7 25. Qe6+ Kf8 26. Rf1+ Bf6 27.
Bg5 Qe7 28. Bxf6 gxf6 29. Rxf6+ Ke8 30. Rh6 Qxe6 31. Rxe6+ Kd7 32. g4 Rf8 33.
Re4 a6 34. Kg2 Rc8 35. h4 b5 36. axb5 axb5 37. cxb5 Rc5 38. Rd4 Rxb5 39. Kf3
Ke7 40. Kf4 Kf6 41. h5 Rb1 42. g5+ Kf7 43. Kf5 Rf1+ 44. Rf4 Rd1 45. Ke4+ Kg7
46. Rf5 Rh1 47. h6+ Kg6 48. Rf6+ Kxg5 49. Rxd6 Re1+ 50. Kd4 Re7 51. Kc5 Kf5 52.
Kc6 Ra7 53. Kb6 Re7 54. Rc6 Rd7 55. Kc5 Ke5 56. Re6+ Kf5 57. Kc6 Rh7 58. Kd6
Ra7 59. Re5+ Kg6 60. Re6+ Kf7 61. h7 Ra6+ 62. Ke5 Ra8 63. Kf5 Kg7 64. Re7+ Kh8
65. d6 Rd8 66. Ke6 Rxd6+ 1/2-1/2

[Event "Madrid-ch Previa A"]
[Site "Madrid ESP"]
[Date "2014.02.18"]
[Round "8.24"]
[White "Buergo Villanueva, Fernando"]
[Black "Ojosnegros Martin, Angel"]
[Result "0-1"]
[WhiteElo "1321"]
[BlackElo "1532"]
[PlyCount "98"]
[EventDate "2014.02.03"]
[EventType "swiss"]
[EventRounds "9"]
[EventCountry "ESP"]
[Source "lmi"]
[SourceDate "2014.02.03"]

1. d4 d5 2. c4 e6 3. Nf3 Nf6 4. a3 Be7 5. e3 b6 6. Bd3 Bb7 7. Ne5 Nbd7 8. Qa4
c5 9. Nc6 Bxc6 10. Qxc6 Rc8 11. Qa4 cxd4 12. O-O O-O 13. exd4 Qc7 14. Nd2 Bd6
15. g3 e5 16. cxd5 exd4 17. Qxd4 Rfe8 18. Nf3 Nc5 19. Bc2 Qd7 20. Bg5 Nfe4 21.
b4 Nxg5 22. Nxg5 Be5 23. Bxh7+ Kf8 24. Qh4 Bxa1 25. bxc5 Bf6 26. c6 Qxd5 27.
Bb1 Qxg5 28. Qh8+ Ke7 29. Re1+ Be5 30. Qh3 Rxc6 31. f4 Qh6 32. Rxe5+ Re6 33.
Qg2 Rxe5 34. fxe5 Qc1+ 35. Qf1 Qxf1+ 36. Kxf1 Ke6 37. Kf2 Kxe5 38. Kf3 Rd8 39.
g4 f6 40. Bf5 Rd2 41. h4 Ra2 42. h5 Rxa3+ 43. Kf2 b5 44. Bd7 b4 45. Bf5 b3 46.
Kg3 b2+ 47. Kh4 Ra1 48. Kg3 b1=Q 49. Bxb1 Rxb1 0-1

[Event "Madrid-ch Previa A"]
[Site "Madrid ESP"]
[Date "2014.02.18"]
[Round "8.26"]
[White "Salgado Duarte, Pablo"]
[Black "Martin Rodriguez, Jose Luis"]
[Result "1/2-1/2"]
[WhiteElo "1554"]
[BlackElo "1385"]
[PlyCount "38"]
[EventDate "2014.02.03"]
[EventType "swiss"]
[EventRounds "9"]
[EventCountry "ESP"]
[Source "lmi"]
[SourceDate "2014.02.03"]

1. d4 Nf6 2. c4 e6 3. Nc3 Bb4 4. Bd2 O-O 5. Nf3 d5 6. e3 c5 7. dxc5 Bxc5 8. Be2
dxc4 9. Bxc4 b6 10. O-O Bb7 11. Re1 Nc6 12. a3 Bd6 13. b4 Ne5 14. Be2 h6 15.
Nb5 a6 16. Nxd6 Qxd6 17. Nxe5 Qxe5 18. Bf3 Bxf3 19. Qxf3 Qe4 1/2-1/2

[Event "Madrid-ch Previa A"]
[Site "Madrid ESP"]
[Date "2014.02.18"]
[Round "8.27"]
[White "Benito Mellado, Humberto"]
[Black "De Villanueva Dominguez, Julio"]
[Result "0-1"]
[WhiteElo "1522"]
[BlackElo "1332"]
[PlyCount "116"]
[EventDate "2014.02.03"]
[EventType "swiss"]
[EventRounds "9"]
[EventCountry "ESP"]
[Source "lmi"]
[SourceDate "2014.02.03"]

1. d4 d5 2. c4 c6 3. Nf3 Nf6 4. Nc3 Bf5 5. Qb3 Qd7 6. Ne5 Qc7 7. cxd5 cxd5 8.
Nxd5 Nxd5 9. Qxd5 e6 10. Qb5+ Nc6 11. Nxc6 Qxc6 12. e3 Be7 13. Qxc6+ bxc6 14.
Bd2 O-O 15. Ba6 Rab8 16. b3 Bf6 17. O-O Rfd8 18. Rac1 Rb6 19. Be2 e5 20. Ba5
exd4 21. Bxb6 axb6 22. exd4 Be4 23. Bf3 Bxf3 24. gxf3 Bxd4 25. Rxc6 g6 26. Kg2
Ra8 27. Rd1 Bc5 28. a4 Re8 29. Rd5 Re2 30. Rdxc5 bxc5 31. Rxc5 Rb2 32. Rb5 Kf8
33. a5 Ke7 34. a6 Ra2 35. Rb7+ Kd6 36. a7 f5 37. Rxh7 Kc6 38. Rh6 Rxa7 39.
Rxg6+ Kd5 40. h4 Rb7 41. h5 Rxb3 42. h6 Rb8 43. f4 Ke4 44. h7 Rh8 45. Rh6 Kxf4
46. f3 Kg5 47. Rh3 Kg6 48. Kg3 Rxh7 49. Rxh7 Kxh7 50. Kf4 Kg6 51. Ke5 Kg5 52.
f4+ Kg4 53. Kd4 Kxf4 54. Kd3 Kg3 55. Kd2 Kf2 56. Kd1 f4 57. Kd2 f3 58. Kd1 Kg2
0-1

[Event "Madrid-ch Previa A"]
[Site "Madrid ESP"]
[Date "2014.02.19"]
[Round "9.1"]
[White "Ore Leon, Gustavo"]
[Black "Perez Cameselle, Francisco Jose"]
[Result "0-1"]
[WhiteElo "1814"]
[BlackElo "1895"]
[PlyCount "75"]
[EventDate "2014.02.03"]
[EventType "swiss"]
[EventRounds "9"]
[EventCountry "ESP"]
[Source "lmi"]
[SourceDate "2014.02.03"]

1. e4 e6 2. d4 d5 3. Nd2 dxe4 4. Nxe4 Nd7 5. Nf3 Ngf6 6. Bd3 Nxe4 7. Bxe4 Nf6
8. Bg5 Be7 9. Qe2 Nxe4 10. Bxe7 Qxe7 11. Qxe4 Qb4+ 12. c3 Qxb2 13. O-O Qb5 14.
Rfe1 O-O 15. Qh4 f6 16. c4 Qxc4 17. Rec1 Qd3 18. Rxc7 Rf7 19. Rxf7 Kxf7 20. Qf4
Kg8 21. Qc7 Qb5 22. Qd8+ Kf7 23. Rc1 Kg6 24. g4 Qd7 25. Qf8 b6 26. h4 Bb7 27.
h5+ Kh6 28. Qa3 g6 29. hxg6 hxg6 30. g5+ fxg5 31. Qe3 Qd5 32. Kg2 Rf8 33. Rh1+
Kg7 34. Rh3 Rf4 35. Qc3 Rf7 36. Qe3 Qf5 37. d5 Bxd5 38. Qd4+ 0-1

[Event "Madrid-ch Previa A"]
[Site "Madrid ESP"]
[Date "2014.02.19"]
[Round "9.2"]
[White "Perez Agusti, Luis"]
[Black "Montes De Santiago, Fernando"]
[Result "1/2-1/2"]
[WhiteElo "1941"]
[BlackElo "1826"]
[PlyCount "32"]
[EventDate "2014.02.03"]
[EventType "swiss"]
[EventRounds "9"]
[EventCountry "ESP"]
[Source "lmi"]
[SourceDate "2014.02.03"]

1. d4 Nf6 2. c4 g6 3. f3 d5 4. cxd5 Nxd5 5. e4 Nb6 6. Be3 Bg7 7. Nc3 O-O 8. Qd2
e6 9. h4 Nc6 10. Rd1 Qe7 11. Bh6 Rd8 12. Bxg7 Kxg7 13. Qf2 Nb4 14. a3 Na6 15.
Nh3 c5 16. Bxa6 cxd4 1/2-1/2

[Event "Madrid-ch Previa A"]
[Site "Madrid ESP"]
[Date "2014.02.19"]
[Round "9.3"]
[White "Lozano Sanchez, Jose Antonio"]
[Black "Fernandez Garcia, Ignacio"]
[Result "1-0"]
[WhiteElo "1857"]
[BlackElo "1903"]
[PlyCount "85"]
[EventDate "2014.02.03"]
[EventType "swiss"]
[EventRounds "9"]
[EventCountry "ESP"]
[Source "lmi"]
[SourceDate "2014.02.03"]

1. e4 d6 2. Nf3 Nf6 3. Nc3 g6 4. Bc4 Bg7 5. d3 O-O 6. O-O Nc6 7. a3 Bg4 8. h3
Bh5 9. d4 Bxf3 10. gxf3 Qc8 11. Kg2 Nh5 12. Ne2 e5 13. c3 Kh8 14. d5 Ne7 15.
Ng3 Nf4+ 16. Bxf4 exf4 17. Ne2 Be5 18. Qd2 g5 19. Nd4 Rg8 20. Rh1 c5 21. dxc6
bxc6 22. Bxf7 Rg7 23. Be6 Qc7 24. Nf5 Rg6 25. Nxe7 Rxe6 26. Nf5 Rf8 27. Rad1
Rb8 28. b4 Rf6 29. c4 a6 30. Qd3 Rbf8 31. Rb1 a5 32. b5 c5 33. a4 Rb8 34. Rbd1
Qd7 35. Qd2 Rg8 36. Qxa5 g4 37. hxg4 Rxf5 38. exf5 Qxf5 39. Qd2 Rxg4+ 40. fxg4
Qxg4+ 41. Kf1 f3 42. Ke1 Qxc4 43. Rxh7+ 1-0

[Event "Madrid-ch Previa A"]
[Site "Madrid ESP"]
[Date "2014.02.19"]
[Round "9.5"]
[White "Fernandez Aransay, Fernando"]
[Black "Martin-Consuegra Barrilero, Javier"]
[Result "1/2-1/2"]
[WhiteElo "1886"]
[BlackElo "1853"]
[PlyCount "32"]
[EventDate "2014.02.03"]
[EventType "swiss"]
[EventRounds "9"]
[EventCountry "ESP"]
[Source "lmi"]
[SourceDate "2014.02.03"]

1. e4 d5 2. exd5 Qxd5 3. Nf3 Nf6 4. d4 c6 5. h3 Qa5+ 6. Bd2 Qc7 7. Bd3 g6 8.
O-O Bg7 9. c4 O-O 10. Nc3 e6 11. Ne2 Nbd7 12. Bc3 b6 13. Qd2 Bb7 14. Qf4 Qxf4
15. Nxf4 Rfe8 16. Rfe1 c5 1/2-1/2

[Event "Madrid-ch Previa A"]
[Site "Madrid ESP"]
[Date "2014.02.19"]
[Round "9.6"]
[White "Cano Mercado, Francisco Manuel"]
[Black "Saber, Salah"]
[Result "1/2-1/2"]
[WhiteElo "1863"]
[BlackElo "1845"]
[PlyCount "78"]
[EventDate "2014.02.03"]
[EventType "swiss"]
[EventRounds "9"]
[EventCountry "ESP"]
[Source "lmi"]
[SourceDate "2014.02.03"]

1. d4 d5 2. c4 Nf6 3. cxd5 Qxd5 4. Nc3 Qa5 5. Nf3 c6 6. Qc2 g6 7. Bd2 Bg7 8. e4
Bg4 9. Ne5 Qb6 10. h3 Bc8 11. Be3 Qd8 12. Bc4 O-O 13. Qb3 e6 14. a4 Nbd7 15.
Nxd7 Qxd7 16. Rd1 Qe7 17. a5 Qc7 18. Qa2 Bd7 19. O-O b5 20. e5 Nd5 21. Nxd5
exd5 22. Bd3 Qc8 23. Kh2 Be6 24. Rc1 Qd7 25. Bd2 a6 26. Bb4 Rfe8 27. Rc2 Rac8
28. f4 Bf5 29. Qb3 Bf8 30. Bc5 Bxc5 31. Rxc5 Qe6 32. Qc2 Bxd3 33. Qxd3 f5 34.
b4 Re7 35. Qg3 Kg7 36. Rf3 h6 37. Rfc3 Rec7 38. Qh4 Rf8 39. Qg3 Rfc8 1/2-1/2

[Event "Madrid-ch Previa A"]
[Site "Madrid ESP"]
[Date "2014.02.19"]
[Round "9.7"]
[White "Morera Rodriguez, Ignacio"]
[Black "Camarero Izquierdo, Juan Carlos"]
[Result "0-1"]
[WhiteElo "1863"]
[BlackElo "1870"]
[PlyCount "80"]
[EventDate "2014.02.03"]
[EventType "swiss"]
[EventRounds "9"]
[EventCountry "ESP"]
[Source "lmi"]
[SourceDate "2014.02.03"]

1. d4 Nf6 2. c4 g6 3. Nc3 Bg7 4. e4 O-O 5. Nf3 d6 6. Be2 Nc6 7. O-O Bg4 8. h3
Bxf3 9. Bxf3 e5 10. d5 Ne7 11. Be3 Nd7 12. Qd2 f5 13. Bg5 f4 14. Bg4 h6 15.
Bxe7 Qxe7 16. Bxd7 Qxd7 17. f3 Bf6 18. Kf2 Bh4+ 19. Ke2 a5 20. a4 Ra6 21. b3 g5
22. Ra2 h5 23. Rh1 Bg3 24. Raa1 Rf6 25. Nd1 Rg6 26. Nf2 Bxf2 27. Kxf2 g4 28.
hxg4 hxg4 29. Rac1 Qg7 30. b4 axb4 31. Qxb4 Rb6 32. Qc3 c5 33. dxc6 Rxc6 34.
Qa5 Qd7 35. Qd5+ Kg7 36. Rcd1 Qc7 37. Rc1 Qb6+ 38. Ke2 gxf3+ 39. gxf3 Qe3+ 40.
Kd1 Qxf3+ 0-1

[Event "Madrid-ch Previa A"]
[Site "Madrid ESP"]
[Date "2014.02.19"]
[Round "9.8"]
[White "Crespo Villalba, Israel"]
[Black "Algaba Traspuesto, Jose Antonio"]
[Result "1-0"]
[WhiteElo "1897"]
[BlackElo "1721"]
[PlyCount "79"]
[EventDate "2014.02.03"]
[EventType "swiss"]
[EventRounds "9"]
[EventCountry "ESP"]
[Source "lmi"]
[SourceDate "2014.02.03"]

1. e4 e6 2. Nf3 d5 3. exd5 exd5 4. d4 Nc6 5. Be2 Bd6 6. O-O Nge7 7. c4 dxc4 8.
Bxc4 Bf5 9. a3 Qd7 10. Nc3 f6 11. d5 Ne5 12. Bb5 c6 13. Nxe5 Bxe5 14. dxc6 bxc6
15. Qxd7+ Bxd7 16. Bc4 O-O-O 17. Be3 Kb8 18. a4 Nf5 19. Bc5 Bd6 20. Ne4 Bxc5
21. Nxc5 Bc8 22. Rad1 Nd6 23. Be6 Rhe8 24. Rfe1 Bxe6 25. Rxe6 Rxe6 26. Nxe6 Rd7
27. Nxg7 Rxg7 28. Rxd6 Re7 29. Kf1 Rb7 30. Rxc6 Rxb2 31. Rxf6 Ra2 32. Rf8+ Kb7
33. Rf7+ Kc6 34. Rxh7 Rxa4 35. Rh6+ Kb5 36. Rh8 Ra2 37. g4 Kc6 38. h4 a5 39. g5
Kd6 40. g6 1-0

[Event "Madrid-ch Previa A"]
[Site "Madrid ESP"]
[Date "2014.02.19"]
[Round "9.9"]
[White "Hernandez Gutierrez, Jose"]
[Black "Roldan Garcia, Angel"]
[Result "1/2-1/2"]
[WhiteElo "1852"]
[BlackElo "1765"]
[PlyCount "41"]
[EventDate "2014.02.03"]
[EventType "swiss"]
[EventRounds "9"]
[EventCountry "ESP"]
[Source "lmi"]
[SourceDate "2014.02.03"]

1. d4 Nf6 2. c4 g6 3. g3 Bg7 4. Bg2 O-O 5. Nc3 d6 6. Nf3 Nc6 7. O-O a6 8. h3
Rb8 9. Rb1 Bf5 10. Ra1 e5 11. dxe5 Nxe5 12. Nxe5 dxe5 13. e4 Be6 14. Qxd8 Rfxd8
15. Nd5 c6 16. Nxf6+ Bxf6 17. b3 Be7 18. Be3 b5 19. cxb5 cxb5 20. Rfd1 Rxd1+
21. Rxd1 1/2-1/2

[Event "Madrid-ch Previa A"]
[Site "Madrid ESP"]
[Date "2014.02.19"]
[Round "9.10"]
[White "Hernandez Garcia, Carlos"]
[Black "Caamano Jimenez, Luis"]
[Result "1-0"]
[WhiteElo "1819"]
[BlackElo "1772"]
[PlyCount "117"]
[EventDate "2014.02.03"]
[EventType "swiss"]
[EventRounds "9"]
[EventCountry "ESP"]
[Source "lmi"]
[SourceDate "2014.02.03"]

1. e4 d6 2. d4 Nf6 3. Nc3 g6 4. Be2 Bg7 5. Be3 c6 6. Qd2 b5 7. a3 Ng4 8. Bxg4
Bxg4 9. f3 Bd7 10. Bh6 O-O 11. Bxg7 Kxg7 12. e5 Qc7 13. exd6 exd6 14. Ne4 d5
15. Nc5 Bc8 16. Ne2 Nd7 17. Nd3 Nb6 18. b3 a5 19. Kf2 Re8 20. h4 h5 21. Rag1
Bf5 22. Ne5 f6 23. g4 hxg4 24. Nxg4 Rh8 25. h5 Bxg4 26. h6+ Kh7 27. Rxg4 Nc8
28. Nf4 Rg8 29. Rhg1 Ne7 30. R1g2 Qd6 31. Qd3 f5 32. Nxg6 Rxg6 33. Rxg6 Nxg6
34. Qxf5 Ra7 35. Qg5 Re7 36. Qd2 Qf4 37. Qd3 Qh4+ 38. Rg3 Qh2+ 39. Rg2 Qxg2+
40. Kxg2 Kxh6 41. Kg3 Rf7 42. Qe3+ Kg7 43. Qe8 Ne7 44. Kg4 Kg6 45. f4 Kf6 46.
Kf3 Kg6 47. Qd8 Nf5 48. Qg5+ Kh7 49. c3 Nd6 50. Qh4+ Kg7 51. Qg5+ Kf8 52. Qd8+
Ne8 53. Kg4 Rg7+ 54. Kf5 Re7 55. Kg6 Rg7+ 56. Kh6 Rg1 57. f5 Kf7 58. Qd7+ Kf6
59. Qe6# 1-0

[Event "Madrid-ch Previa A"]
[Site "Madrid ESP"]
[Date "2014.02.19"]
[Round "9.11"]
[White "Calleja Aletta, Jacobo"]
[Black "Lopez Orellana, Federico"]
[Result "0-1"]
[WhiteElo "1577"]
[BlackElo "1818"]
[PlyCount "86"]
[EventDate "2014.02.03"]
[EventType "swiss"]
[EventRounds "9"]
[EventCountry "ESP"]
[Source "lmi"]
[SourceDate "2014.02.03"]

1. c4 e5 2. Nc3 Nc6 3. Nf3 g6 4. d4 exd4 5. Nxd4 Bg7 6. Nxc6 bxc6 7. Bf4 Ne7 8.
e3 d6 9. Be2 Rb8 10. Rb1 O-O 11. O-O Bf5 12. Bd3 Qd7 13. Qc2 Rfd8 14. b3 Bxd3
15. Qxd3 Nf5 16. Ne2 c5 17. Rfd1 Qc6 18. Nc3 Bxc3 19. Qxc3 h5 20. Rd5 Qe8 21.
Qf6 Qe6 22. Qc3 c6 23. Rd3 Rb7 24. Re1 Rbd7 25. Bg5 Re8 26. h3 Qe4 27. f3 Qe6
28. Kf2 Qe5 29. Qxe5 Rxe5 30. g4 Ng7 31. Bf4 Re6 32. Red1 hxg4 33. hxg4 Ne8 34.
e4 f6 35. Be3 Rh7 36. Bf4 Rd7 37. Kg3 g5 38. Bc1 Rh7 39. a3 Ree7 40. Re1 Rh4
41. b4 cxb4 42. axb4 Reh7 43. Bd2 Rh2 0-1

[Event "Madrid-ch Previa A"]
[Site "Madrid ESP"]
[Date "2014.02.19"]
[Round "9.13"]
[White "Quispe Arteaga, Gabriel"]
[Black "Rodriguez Bachiller, Luis"]
[Result "1/2-1/2"]
[WhiteElo "1556"]
[BlackElo "1771"]
[PlyCount "92"]
[EventDate "2014.02.03"]
[EventType "swiss"]
[EventRounds "9"]
[EventCountry "ESP"]
[Source "lmi"]
[SourceDate "2014.02.03"]

1. d4 Nf6 2. Nf3 g6 3. e3 Bg7 4. Be2 O-O 5. O-O d5 6. b3 Re8 7. Bb2 Nbd7 8.
Nbd2 c5 9. c4 cxd4 10. exd4 dxc4 11. Nxc4 Nd5 12. Nfe5 Rb8 13. Nxd7 Bxd7 14.
Bf3 Bc6 15. Ne5 Bxe5 16. dxe5 e6 17. Ba3 Qg5 18. Bd6 Rbd8 19. Qc1 Qxc1 20.
Raxc1 Rd7 21. Ba3 Ne7 22. Bxe7 Bxf3 23. Bf6 Bc6 24. Rfd1 Rc8 25. Rxd7 Bxd7 26.
Rxc8+ Bxc8 27. Be7 Bd7 28. Kf1 Bc6 29. g3 a5 30. Ke2 a4 31. Kd3 axb3 32. axb3
Bd5 33. Kc3 h5 34. h4 Bc6 35. Kb4 Bd5 36. Ka4 Bc6+ 37. Ka5 Bd5 38. b4 Bc6 39.
b5 Bf3 40. Kb4 Bd5 41. Kc5 Bf3 42. Kd4 Bd5 43. Ke3 Bc4 44. b6 Bd5 45. Kf4 Bc4
46. Kg5 Be2 1/2-1/2

[Event "Madrid-ch Previa A"]
[Site "Madrid ESP"]
[Date "2014.02.19"]
[Round "9.14"]
[White "Cisneros Rodriguez, Amick"]
[Black "Corredor Gonzalez, Angel L"]
[Result "0-1"]
[WhiteElo "1711"]
[BlackElo "1750"]
[PlyCount "80"]
[EventDate "2014.02.03"]
[EventType "swiss"]
[EventRounds "9"]
[EventCountry "ESP"]
[Source "lmi"]
[SourceDate "2014.02.03"]

1. e4 e5 2. f4 exf4 3. Nf3 h6 4. d4 g5 5. Bc4 Bg7 6. O-O Nf6 7. Nc3 O-O 8. e5
Ne8 9. Qd3 d6 10. Re1 Nc6 11. e6 Bxe6 12. Bxe6 fxe6 13. Rxe6 Rf6 14. Re1 Kh8
15. Nd5 Rf8 16. Bd2 g4 17. Nxf4 Rxf4 18. Bxf4 gxf3 19. c3 fxg2 20. Qg6 Ne7 21.
Qe6 Ng8 22. Qg6 Nef6 23. Re2 Ne7 24. Qf7 Ned5 25. Bd2 Qd7 26. Qg6 Ng8 27. Rae1
Rf8 28. Rxg2 Nf4 29. Bxf4 Rxf4 30. Re8 Qf7 31. Qxf7 Rxf7 32. b4 Kh7 33. h3 Nf6
34. Re6 Nd5 35. Rg3 Nxc3 36. Rgg6 Bxd4+ 37. Kg2 Bg7 38. a3 d5 39. Rg3 d4 40.
Rd3 Nd5 0-1